Nuestras vidas en Carpio: aportes para una historia popular /
সংরক্ষণ করুন:
| প্রধান লেখক: | |
|---|---|
| সংস্থা লেখক: | |
| অন্যান্য লেখক: | , , , |
| বিন্যাস: | পাঠ্য |
| ভাষা: | Spanish |
| প্রকাশিত: |
San José:
Editorial UCR
2009
|
| ট্যাগগুলো: |
ট্যাগ যুক্ত করুন
কোনো ট্যাগ নেই, প্রথমজন হিসাবে ট্যাগ করুন!
|
MARC
| LEADER | 00000 a a2200000 04500 | ||
|---|---|---|---|
| 001 | 36745 | ||
| 003 | cru CIDCACS/IIS | ||
| 005 | 20221030232803.0 | ||
| 007 | ta | ||
| 008 | 160921b2009cr spa||||| |||| 00| 0 spa d | ||
| 020 | |a 9789968460736 | ||
| 040 | |a cru CIDCACS/IIS |c cru CIDCACS/IIS | ||
| 090 | |a 14.04.03 S218n | ||
| 100 | |a Sandoval García, Carlos | ||
| 110 | |a Universidad de Costa Rica. Facultad de Ciencias Sociales. Instituto de Investigaciones Sociales | ||
| 245 | |a Nuestras vidas en Carpio: aportes para una historia popular / |a Carlos Sandoval García | ||
| 260 | |a San José: |b Editorial UCR |c 2009 | ||
| 300 | |a 215 p. | ||
| 300 | |b il. | ||
| 700 | |a | ||
| 700 | |a Brenes Montoya, Mónica | ||
| 700 | |a | ||
| 700 | |a Masís Fernández, Karen | ||
| 700 | |a | ||
| 700 | |a Paniagua Arguedas, Laura | ||
| 700 | |a | ||
| 700 | |a Sánchez Solano, Esteban | ||
| 700 | |a | ||
| 942 | |2 z |c LI | ||
| 999 | |c 17112 |d 17112 | ||



